Применение карбоксильного катионита в качестве преформы для получения сферического катализатора; Перспективы развития фундаментальных наук; Т. 2 : Химия
| Parent link: | Перспективы развития фундаментальных наук=Prospects of Fundamental Sciences Development: сборник научных трудов XIV Международной конференции студентов, аспирантов и молодых ученых, г. Томск, 25-28 апреля 2017 г./ Национальный исследовательский Томский политехнический университет (ТПУ) ; под ред. И. А. Курзиной, Г. А. Вороновой.— , 2017 Т. 2 : Химия.— 2017.— [С. 34-36] |
|---|---|
| Autor principal: | |
| Altres autors: | , , |
| Sumari: | Заглавие с экрана The properties of the Tokheim-250 carboxylic cation exchange resin and its selectivity to Co2 + and Ni2+ ions are studied. The values of the sorption capacity for the Co2+ and Ni2+ ions, the effective ionization constant of the functional groups (pKa = 6,59), and the values of the ion distribution coefficients (~ 103) are calculated. Founded that the selectivity of the sorption of Co2+ increased to Ni2 +. In this regard, carboxylic cation exchanger Tokem-250 samples with nickel ion was used to create spherical catalysts. The developed spherical materials have catalytic activity in the reactions of deep and partial oxidation of n-heptane. |
| Idioma: | rus |
| Publicat: |
2017
|
| Matèries: | |
| Accés en línia: | http://earchive.tpu.ru/handle/11683/44564 |
| Format: | MixedMaterials Electrònic Capítol de llibre |
| KOHA link: | https://koha.lib.tpu.ru/cgi-bin/koha/opac-detail.pl?biblionumber=624459 |
MARC
| LEADER | 00000naa2a2200000 4500 | ||
|---|---|---|---|
| 001 | 624459 | ||
| 005 | 20231101133320.0 | ||
| 035 | |a (RuTPU)RU\TPU\conf\23719 | ||
| 035 | |a RU\TPU\conf\23717 | ||
| 090 | |a 624459 | ||
| 100 | |a 20171122d2017 k y0rusy50 ca | ||
| 101 | 0 | |a rus |d eng | |
| 102 | |a RU | ||
| 105 | |a y z 100zy | ||
| 135 | |a drcn ---uucaa | ||
| 181 | 0 | |a i | |
| 182 | 0 | |a b | |
| 200 | 1 | |a Применение карбоксильного катионита в качестве преформы для получения сферического катализатора |d State of ions copper(II) and cobalt(II) in phase carboxyl cation resin according to the methods ESDR and EPR |f В. В. Жаркова, А. Н. Шамсутдинова, А. С. Бричков |g науч. рук. В. В. Козик | |
| 203 | |a Текст |c электронный | ||
| 230 | |a 1 компьютерный файл (pdf; 268 Kb) | ||
| 300 | |a Заглавие с экрана | ||
| 320 | |a [Библиогр.: с. 36 (4 назв.)] | ||
| 330 | |a The properties of the Tokheim-250 carboxylic cation exchange resin and its selectivity to Co2 + and Ni2+ ions are studied. The values of the sorption capacity for the Co2+ and Ni2+ ions, the effective ionization constant of the functional groups (pKa = 6,59), and the values of the ion distribution coefficients (~ 103) are calculated. Founded that the selectivity of the sorption of Co2+ increased to Ni2 +. In this regard, carboxylic cation exchanger Tokem-250 samples with nickel ion was used to create spherical catalysts. The developed spherical materials have catalytic activity in the reactions of deep and partial oxidation of n-heptane. | ||
| 461 | 1 | |0 (RuTPU)RU\TPU\conf\21388 |t Перспективы развития фундаментальных наук |l Prospects of Fundamental Sciences Development |o сборник научных трудов XIV Международной конференции студентов, аспирантов и молодых ученых, г. Томск, 25-28 апреля 2017 г. |o в 7 т. |f Национальный исследовательский Томский политехнический университет (ТПУ) ; под ред. И. А. Курзиной, Г. А. Вороновой |d 2017 | |
| 463 | 1 | |0 (RuTPU)RU\TPU\conf\21390 |t Т. 2 : Химия |v [С. 34-36] |d 2017 | |
| 510 | 1 | |a State of ions copper(II) and cobalt(II) in phase carboxyl cation resin according to the methods ESDR and EPR |z eng | |
| 610 | 1 | |a электронный ресурс | |
| 610 | 1 | |a катализаторы | |
| 610 | 1 | |a сферические формы | |
| 610 | 1 | |a карбоксильные катиониты | |
| 610 | 1 | |a селективность | |
| 610 | 1 | |a иерархические структуры | |
| 700 | 1 | |a Жаркова |b В. В. | |
| 701 | 1 | |a Шамсутдинова |b А. Н. | |
| 701 | 1 | |a Бричков |b А. С. | |
| 702 | 1 | |a Козик |b В. В. |4 727 | |
| 801 | 2 | |a RU |b 63413507 |c 20171206 |g RCR | |
| 856 | 4 | |u http://earchive.tpu.ru/handle/11683/44564 | |
| 942 | |c BK | ||